| 000 | 01250nam a2200241Ia 4500 | ||
|---|---|---|---|
| 999 |
_c50988 _d50988 |
||
| 001 | 17945 | ||
| 003 | GE_BSU | ||
| 005 | 20200302102439.0 | ||
| 008 | 181216s1966ge xx |||||||||||||| ||geo|| | ||
| 040 | _cGE_BSU | ||
| 041 | _ageo | ||
| 080 | _a811.353.1-26 ი-50 | ||
| 100 |
_aიმნაიშვილი, ივანე. _97657 |
||
| 245 |
_aქართული პოეტური ენის საკითხები : _b[რუსთაველის მაგალითზე] / _cივანე იმნაიშვილი ; რედ. შ.ძიძიგური ; მხატვ. ნ.ქართველიშვილი. |
||
| 264 |
_aთბილისი : _bლიტერატურა და ხელოვნება, _c1966. |
||
| 300 |
_a185გვ. ; _c21 სმ. |
||
| 541 | _h1ლ.70თ. | ||
| 653 | _aრუსთაველი შოთა; ქართველ მწერალთა ენა | ||
| 653 | _aქართული პოეტური ენის საკითხები | ||
| 700 |
_aძიძიგური, .შ _eრედაქტორი _97658 |
||
| 700 |
_a.ქართველიშვილი, ნ _eმხატვარი _97659 |
||
| 942 |
_cBK _2udc |
||